[Event "HUN-chT Youth 2019"]
[Site "Budapest"]
[Date "2019.10.27"]
[Round "3.28"]
[White "Erseki, Aron"]
[Black "Virag, Balint"]
[Result "0-1"]
[WhiteElo "1847"]
[BlackElo "2100"]
[Annotator "NA"]
[PlyCount "66"]
[EventDate "2019.10.26"]
[EventType "team-tourn"]
[EventCountry "HUN"]
[SourceTitle "playchess.com"]
[Source "ChessBase"]
[SourceQuality "1"]
[TimeControl "5400+30"]

1. e4 {[%emt 0:00:00]} e6 {[%emt 0:00:00]} 2. d4 {[%emt 0:00:07]} d5 {[%emt 0:00:00]} 3. e5 {[%emt 0:00:49]} c5 {[%emt 0:00:03]} 4. c3 {[%emt 0:00:04]} Nc6 {[%emt 0:00:11]} 5. Nf3 {[%emt 0:04:31]} Bd7 {[%emt 0:00:13]} 6. Be2 {[%emt 0:01:16]} Nge7 {[%emt 0:06:41]} 7. O-O {[%emt 0:03:22]} Nf5 {[%emt 0:03:03]} 8. Bd3 {[%emt 0:02:36]} g6 {[%emt 0:04:00]} 9. Be3 {[%emt 0:02:32]} Qb6 {[%emt 0:02:35]} 10. Qc2 {[%emt 0:04:11]} Rc8 {[%emt 0:02:44]} 11. Bxf5 {[%emt 0:01:06]} gxf5 {[%emt 0:03:51]} 12. Qd2 {[%emt 0:07:27]} cxd4 {[%emt 0:05:41]} 13. Bxd4 {[%emt 0:08:18]} Qc7 {[%emt 0:08:16]} 14. Qg5 {[%emt 0:05:00]} h6 {[%emt 0:02:18]} 15. Qh4 {[%emt 0:04:34]} Ne7 {[%emt 0:02:41]} 16. Nbd2 {[%emt 0:02:23]} Rg8 {[%emt 0:03:05]} 17. Rac1 Rg4 {[%emt 0:15:32]} 18. Qh5 {[%emt 0:05:25]} Ng6 {[%emt 0:00:30]} 19. Be3 {[%emt 0:02:05]} Nxe5 {[%emt 0:01:00]} 20. Bxh6 {[%emt 0:00:52]} Nd3 {[%emt 0:01:41]} 21. h3 {[%emt 0:05:19]} Rg8 {[%emt 0:02:15]} 22. Ng5 {[%emt 0:03:51]} Rg6 {[%emt 0:12:05]} 23. Bxf8 Kxf8 24. Rb1 {[%emt 0:13:25]} Ke7 {[%emt 0:02:39]} 25. Ndf3 {[%emt 0:03:00]} Rcg8 {[%emt 0:01:23]} 26. h4 {[%emt 0:08:31]} Nf4 {[%emt 0:04:08]} 27. Qh7 {[%emt 0:00:31]} R6g7 {[%emt 0:00:35]} 28. Qh6 {[%emt 0:00:29]} Qb8 {[%emt 0:01:02]} 29. Rfe1 {[%emt 0:06:31]} Rg6 {[%emt 0:02:26]} 30. Qh7 {[%emt 0:00:07]} R8g7 {[%emt 0:01:09]} 31. Ne5 {[%emt 0:00:26]} Rxh7 {[%emt 0:01:46]} 32. Nxg6+ {[%emt 0:00:14]} fxg6 {[%emt 0:00:02]} 33. Nxh7 {[%emt 0:00:08]} Qh8 {[%emt 0:00:17]} 0-1

[Event "HUN-chT Youth 2019"]
[Site "Budapest"]
[Date "2019.10.27"]
[Round "3.29"]
[White "Koltai, Dora"]
[Black "Bencze, Balazs Dominik"]
[Result "1-0"]
[WhiteElo "1845"]
[BlackElo "1779"]
[Annotator "NA"]
[PlyCount "63"]
[EventDate "2019.10.26"]
[EventType "team-tourn"]
[EventCountry "HUN"]
[SourceTitle "playchess.com"]
[Source "ChessBase"]
[SourceQuality "1"]
[TimeControl "5400+30"]

1. e4 {[%emt 0:00:00]} Nf6 {[%emt 0:00:00]} 2. e5 {[%emt 0:00:01]} Nd5 {[%emt 0:00:00]} 3. c4 {[%emt 0:00:50]} Nb6 {[%emt 0:00:00]} 4. d4 {[%emt 0:00:10]} d6 {[%emt 0:00:03]} 5. exd6 {[%emt 0:00:57]} exd6 {[%emt 0:00:39]} 6. h3 {[%emt 0:06:36]} Be7 {[%emt 0:03:00]} 7. Nf3 {[%emt 0:00:57]} Bf5 {[%emt 0:03:43]} 8. Bd3 {[%emt 0:02:31]} Bxd3 {[%emt 0:02:44]} 9. Qxd3 {[%emt 0:00:08]} O-O {[%emt 0:01:31]} 10. O-O {[%emt 0:02:15]} Nc6 {[%emt 0:02:50]} 11. Nc3 {[%emt 0:02:42]} Nb4 {[%emt 0:07:53]} 12. Qe2 {[%emt 0:07:04]} Re8 {[%emt 0:07:48]} 13. Be3 {[%emt 0:02:54]} d5 {[%emt 0:04:43]} 14. a3 {[%emt 0:10:09]} Nc6 {[%emt 0:00:19]} 15. c5 {[%emt 0:06:20]} Nc4 {[%emt 0:02:22]} 16. Nd1 {[%emt 0:07:17]} Nxe3 {[%emt 0:02:17]} 17. Nxe3 Bf6 {[%emt 0:12:02]} 18. Qd3 {[%emt 0:08:18]} Re4 {[%emt 0:09:29]} 19. Nc2 {[%emt 0:07:11]} Qd7 {[%emt 0:06:29]} 20. Rad1 {[%emt 0:12:49]} Rae8 {[%emt 0:00:30]} 21. b4 Ne7 22. Nd2 {[%emt 0:01:00]} Rh4 {[%emt 0:16:19]} 23. Rfe1 {[%emt 0:03:09]} g5 {[%emt 0:06:39]} 24. Nf3 {[%emt 0:05:57]} Rh6 {[%emt 0:01:40]} 25. Ne3 {[%emt 0:03:20]} Rh5 {[%emt 0:08:00]} 26. Ng4 {[%emt 0:04:05]} Bg7 {[%emt 0:00:47]} 27. Nge5 {[%emt 0:02:27]} Qf5 {[%emt 0:01:07]} 28. Qb5 {[%emt 0:04:19]} c6 {[%emt 0:00:33]} 29. Qxb7 {[%emt 0:00:28]} Bxe5 {[%emt 0:00:29]} 30. Rxe5 {[%emt 0:00:17]} Qf6 {[%emt 0:00:29]} 31. Rde1 {[%emt 0:00:39]} Kf8 {[%emt 0:00:34]} 32. Qd7 {[%emt 0:00:31]} 1-0

[Event "HUN-chT Youth 2019"]
[Site "Budapest"]
[Date "2019.10.27"]
[Round "3.30"]
[White "Bodo, Boglarka"]
[Black "Matyassy, Lazar"]
[Result "1/2-1/2"]
[WhiteElo "1618"]
[BlackElo "1652"]
[Annotator "NA"]
[PlyCount "38"]
[EventDate "2019.10.26"]
[EventType "team-tourn"]
[EventCountry "HUN"]
[SourceTitle "playchess.com"]
[Source "ChessBase"]
[SourceQuality "1"]
[TimeControl "5400+30"]

1. e4 {[%emt 0:00:00]} c5 {[%emt 0:00:00]} 2. Nf3 {[%emt 0:00:00]} e6 {[%emt 0:00:00]} 3. c3 {[%emt 0:00:00]} d5 {[%emt 0:00:00]} 4. exd5 {[%emt 0:00:11]} Qxd5 {[%emt 0:00:00]} 5. d4 {[%emt 0:03:35]} Nf6 {[%emt 0:00:07]} 6. Na3 {[%emt 0:01:52]} Nc6 {[%emt 0:03:34]} 7. Be3 {[%emt 0:02:45]} cxd4 {[%emt 0:00:14]} 8. Nb5 {[%emt 0:00:49]} Qd7 {[%emt 0:01:59]} 9. Nbxd4 {[%emt 0:05:28]} Be7 {[%emt 0:04:04]} 10. Bc4 {[%emt 0:11:51]} O-O {[%emt 0:03:00]} 11. O-O {[%emt 0:03:29]} Nd5 {[%emt 0:16:56]} 12. Nf5 {[%emt 0:17:43]} Nxe3 {[%emt 0:07:31]} 13. Nxe3 {[%emt 0:01:09]} Qc7 {[%emt 0:01:05]} 14. Bd3 {[%emt 0:07:59]} h6 {[%emt 0:03:04]} 15. Qe2 {[%emt 0:03:26]} b6 {[%emt 0:03:18]} 16. Nc2 {[%emt 0:07:33]} Bf6 {[%emt 0:06:18]} 17. Qe4 {[%emt 0:04:23]} g6 {[%emt 0:00:59]} 18. Qe3 {[%emt 0:05:28]} Kg7 {[%emt 0:04:38]} 19. Ncd4 {[%emt 0:02:32]} Nxd4 {[%emt 0:02:15]} 1/2-1/2

[Event "HUN-chT Youth 2019"]
[Site "Budapest"]
[Date "2019.10.27"]
[Round "3.31"]
[White "Szalay-Ocsak, Bank"]
[Black "Bohus, Adam"]
[Result "0-1"]
[WhiteElo "1852"]
[BlackElo "2229"]
[Annotator "NA"]
[PlyCount "64"]
[EventDate "2019.10.26"]
[EventType "team-tourn"]
[EventCountry "HUN"]
[SourceTitle "playchess.com"]
[Source "ChessBase"]
[SourceQuality "1"]
[TimeControl "5400+30"]

1. e4 {[%emt 0:00:00]} e5 {[%emt 0:00:00]} 2. Nf3 {[%emt 0:00:00]} Nc6 {[%emt 0:00:00]} 3. Nc3 {[%emt 0:00:00]} Nf6 {[%emt 0:00:01]} 4. Bb5 {[%emt 0:00:00]} Bd6 {[%emt 0:14:01]} 5. O-O {[%emt 0:05:24]} a6 {[%emt 0:04:38]} 6. Ba4 {[%emt 0:02:23]} O-O {[%emt 0:03:03]} 7. d3 {[%emt 0:02:11]} h6 {[%emt 0:00:47]} 8. h3 {[%emt 0:03:31]} Re8 {[%emt 0:00:32]} 9. Be3 {[%emt 0:01:29]} Bf8 {[%emt 0:00:29]} 10. a3 {[%emt 0:05:39]} b5 {[%emt 0:14:40]} 11. Bb3 {[%emt 0:02:44]} Bb7 {[%emt 0:00:09]} 12. Qd2 {[%emt 0:09:53]} Nb8 {[%emt 0:08:23]} 13. Rfe1 {[%emt 0:07:41]} d5 {[%emt 0:03:19]} 14. exd5 {[%emt 0:00:40]} Nxd5 {[%emt 0:00:08]} 15. Nxd5 {[%emt 0:00:42]} Bxd5 {[%emt 0:00:09]} 16. Bxd5 {[%emt 0:02:22]} Qxd5 {[%emt 0:00:02]} 17. Re2 {[%emt 0:12:50]} c5 {[%emt 0:03:29]} 18. Rae1 {[%emt 0:03:32]} Nc6 {[%emt 0:00:28]} 19. Bf4 {[%emt 0:14:01]} f6 {[%emt 0:00:35]} 20. Bg3 {[%emt 0:01:42]} Rac8 {[%emt 0:04:31]} 21. Nh4 {[%emt 0:05:14]} Nd4 22. Re3 Kh7 {[%emt 0:17:51]} 23. f4 {[%emt 0:04:43]} g5 {[%emt 0:02:32]} 24. fxg5 {[%emt 0:00:51]} hxg5 {[%emt 0:00:26]} 25. Nf3 {[%emt 0:00:50]} Nf5 {[%emt 0:00:15]} 26. Nxg5+ {[%emt 0:04:19]} fxg5 {[%emt 0:01:11]} 27. Rxe5 {[%emt 0:00:18]} Rxe5 {[%emt 0:04:56]} 28. Rxe5 {[%emt 0:01:08]} Qd4+ {[%emt 0:07:40]} 29. Kh2 {[%emt 0:00:23]} Kg6 {[%emt 0:05:57]} 30. c3 {[%emt 0:05:04]} Qd7 {[%emt 0:01:06]} 31. Qe2 {[%emt 0:02:40]} Nxg3 {[%emt 0:01:48]} 32. Re6+ Kf7 0-1

[Event "HUN-chT Youth 2019"]
[Site "Budapest"]
[Date "2019.10.27"]
[Round "3.32"]
[White "Pasztor, Balazs"]
[Black "Farkas, Otto Jr."]
[Result "1-0"]
[WhiteElo "2152"]
[BlackElo "1848"]
[Annotator "NA"]
[PlyCount "81"]
[EventDate "2019.10.26"]
[EventType "team-tourn"]
[EventCountry "HUN"]
[SourceTitle "playchess.com"]
[Source "ChessBase"]
[SourceQuality "1"]
[TimeControl "5400+30"]

1. e4 {[%emt 0:00:00]} Nf6 {[%emt 0:00:00]} 2. e5 {[%emt 0:00:00]} Nd5 {[%emt 0:00:00]} 3. c4 {[%emt 0:00:10]} Nb6 {[%emt 0:00:00]} 4. d4 {[%emt 0:00:09]} d6 {[%emt 0:00:01]} 5. exd6 {[%emt 0:00:17]} cxd6 {[%emt 0:00:17]} 6. Nc3 {[%emt 0:00:25]} g6 {[%emt 0:00:06]} 7. h4 {[%emt 0:01:07]} Bg7 {[%emt 0:00:30]} 8. h5 {[%emt 0:00:42]} O-O {[%emt 0:04:25]} 9. Be3 {[%emt 0:05:32]} Nc6 {[%emt 0:08:29]} 10. Qd2 {[%emt 0:10:15]} e5 {[%emt 0:11:07]} 11. d5 {[%emt 0:11:05]} Nd4 {[%emt 0:00:53]} 12. Nf3 {[%emt 0:07:52]} Nf5 {[%emt 0:09:18]} 13. O-O-O {[%emt 0:11:42]} Nxe3 {[%emt 0:03:46]} 14. fxe3 {[%emt 0:02:23]} Bg4 {[%emt 0:00:45]} 15. hxg6 {[%emt 0:06:36]} fxg6 {[%emt 0:02:56]} 16. Be2 {[%emt 0:05:34]} Rc8 {[%emt 0:02:04]} 17. b3 {[%emt 0:05:41]} Nd7 {[%emt 0:03:10]} 18. Ne4 {[%emt 0:04:45]} Nc5 {[%emt 0:06:54]} 19. Nxc5 {[%emt 0:07:22]} Rxc5 {[%emt 0:00:57]} 20. e4 {[%emt 0:02:29]} Bxf3 {[%emt 0:07:26]} 21. gxf3 {[%emt 0:00:30]} a5 22. Kb2 Qf6 {[%emt 0:01:00]} 23. a3 {[%emt 0:07:50]} Qf4 {[%emt 0:02:59]} 24. b4 {[%emt 0:01:44]} Rcc8 {[%emt 0:03:31]} 25. Qxf4 {[%emt 0:01:43]} exf4+ {[%emt 0:00:12]} 26. Kb3 {[%emt 0:00:18]} axb4 {[%emt 0:00:12]} 27. axb4 {[%emt 0:01:26]} b6 {[%emt 0:00:52]} 28. Bf1 {[%emt 0:01:36]} Rc7 {[%emt 0:02:34]} 29. Rh2 {[%emt 0:01:13]} Ra8 {[%emt 0:03:22]} 30. Ra2 {[%emt 0:00:44]} Rxa2 {[%emt 0:00:06]} 31. Kxa2 {[%emt 0:00:06]} Ra7+ {[%emt 0:02:48]} 32. Kb3 {[%emt 0:00:19]} Kf7 {[%emt 0:06:15]} 33. Bh3 {[%emt 0:00:58]} Ke7 {[%emt 0:04:11]} 34. c5 {[%emt 0:01:38]} bxc5 {[%emt 0:00:45]} 35. bxc5 {[%emt 0:00:24]} dxc5 {[%emt 0:00:07]} 36. d6+ {[%emt 0:00:20]} Kd8 {[%emt 0:00:28]} 37. Kc4 {[%emt 0:00:56]} Rb7 {[%emt 0:04:17]} 38. Rd3 {[%emt 0:01:40]} Bf6 {[%emt 0:06:06]} 39. Ra3 {[%emt 0:00:28]} Rb8 {[%emt 0:00:05]} 40. Ra7 {[%emt 0:00:54]} Rb4+ {[%emt 0:01:10]} 41. Kd5 {[%emt 0:00:17]} 1-0

[Event "HUN-chT Youth 2019"]
[Site "Budapest"]
[Date "2019.10.27"]
[Round "3.33"]
[White "Varga, Boldizsar"]
[Black "Dibusz, Domonkos"]
[Result "1/2-1/2"]
[WhiteElo "1829"]
[BlackElo "2088"]
[Annotator "NA"]
[PlyCount "88"]
[EventDate "2019.10.26"]
[EventType "team-tourn"]
[EventCountry "HUN"]
[SourceTitle "playchess.com"]
[Source "ChessBase"]
[SourceQuality "1"]
[TimeControl "5400+30"]

1. d4 {[%emt 0:00:00]} Nf6 {[%emt 0:00:00]} 2. c4 {[%emt 0:00:00]} e6 {[%emt 0:00:00]} 3. Nc3 {[%emt 0:00:00]} Bb4 {[%emt 0:00:02]} 4. e3 {[%emt 0:00:10]} O-O {[%emt 0:00:51]} 5. Nge2 {[%emt 0:00:14]} d5 {[%emt 0:00:09]} 6. a3 {[%emt 0:00:28]} Be7 {[%emt 0:00:06]} 7. Nf4 {[%emt 0:04:16]} c6 {[%emt 0:05:35]} 8. Bd3 {[%emt 0:01:21]} Nbd7 {[%emt 0:01:11]} 9. O-O {[%emt 0:03:41]} Re8 {[%emt 0:01:47]} 10. b4 {[%emt 0:05:19]} Nf8 {[%emt 0:09:33]} 11. Bb2 {[%emt 0:05:30]} Ng6 {[%emt 0:01:25]} 12. Nxg6 {[%emt 0:04:03]} hxg6 {[%emt 0:00:09]} 13. Qb3 {[%emt 0:06:53]} Bd6 {[%emt 0:00:59]} 14. c5 {[%emt 0:05:26]} Bc7 {[%emt 0:03:50]} 15. f4 {[%emt 0:00:55]} Ng4 {[%emt 0:03:47]} 16. Rf3 {[%emt 0:05:58]} a6 {[%emt 0:25:04]} 17. a4 {[%emt 0:05:05]} Qf6 {[%emt 0:01:54]} 18. Bc1 {[%emt 0:06:43]} Bd7 {[%emt 0:03:48]} 19. Bd2 {[%emt 0:04:17]} Nh6 {[%emt 0:02:26]} 20. Qb1 {[%emt 0:06:43]} Nf5 {[%emt 0:02:42]} 21. b5 {[%emt 0:04:03]} axb5 22. axb5 Nxd4 {[%emt 0:16:37]} 23. exd4 {[%emt 0:01:58]} Qxd4+ {[%emt 0:00:01]} 24. Kh1 {[%emt 0:09:02]} cxb5 {[%emt 0:00:50]} 25. Rxa8 {[%emt 0:02:46]} Rxa8 {[%emt 0:00:04]} 26. h3 {[%emt 0:05:55]} Qxc5 {[%emt 0:02:55]} 27. Nxb5 {[%emt 0:03:19]} Bxb5 {[%emt 0:03:48]} 28. Qxb5 {[%emt 0:00:56]} Qc6 {[%emt 0:06:09]} 29. Rf1 {[%emt 0:02:41]} Bd6 {[%emt 0:03:14]} 30. Rb1 {[%emt 0:04:35]} Ra3 {[%emt 0:01:31]} 31. Bf1 {[%emt 0:01:22]} d4 {[%emt 0:01:08]} 32. Bb4 {[%emt 0:01:16]} Bxb4 {[%emt 0:01:37]} 33. Qxb4 {[%emt 0:00:00]} Ra4 {[%emt 0:01:33]} 34. Qxb7 {[%emt 0:00:35]} Qxb7 {[%emt 0:00:10]} 35. Rxb7 d3 {[%emt 0:01:19]} 36. Bxd3 {[%emt 0:00:31]} Rxf4 {[%emt 0:00:01]} 37. Rb8+ {[%emt 0:00:29]} Kh7 {[%emt 0:00:00]} 38. Rb7 {[%emt 0:00:23]} e5 {[%emt 0:00:38]} 39. Re7 {[%emt 0:00:39]} f6 {[%emt 0:00:21]} 40. Kh2 {[%emt 0:00:38]} Rd4 {[%emt 0:00:16]} 41. Bb1 {[%emt 0:00:31]} Rb4 {[%emt 0:00:15]} 42. Bc2 {[%emt 0:00:14]} Rc4 {[%emt 0:00:42]} 43. Bb3 {[%emt 0:00:23]} Rb4 {[%emt 0:00:17]} 44. Bd5 {[%emt 0:01:23]} Rd4 1/2-1/2

[Event "HUN-chT Youth 2019"]
[Site "Budapest"]
[Date "2019.10.27"]
[Round "3.34"]
[White "Kovacs, Gabor Etele"]
[Black "Broderick, Tamas"]
[Result "1/2-1/2"]
[WhiteElo "2053"]
[BlackElo "1571"]
[Annotator "NA"]
[PlyCount "96"]
[EventDate "2019.10.26"]
[EventType "team-tourn"]
[EventCountry "HUN"]
[SourceTitle "playchess.com"]
[Source "ChessBase"]
[SourceQuality "1"]
[TimeControl "5400+30"]

1. e4 {[%emt 0:00:00]} c5 {[%emt 0:00:28]} 2. Nf3 {[%emt 0:00:00]} Nc6 {[%emt 0:00:18]} 3. Bb5 {[%emt 0:00:00]} Qc7 {[%emt 0:00:47]} 4. Nc3 {[%emt 0:01:29]} a6 {[%emt 0:03:57]} 5. Bxc6 {[%emt 0:00:39]} dxc6 {[%emt 0:00:08]} 6. h3 {[%emt 0:01:50]} e5 {[%emt 0:01:54]} 7. d3 {[%emt 0:01:23]} Ne7 {[%emt 0:01:54]} 8. Be3 {[%emt 0:00:40]} Ng6 {[%emt 0:00:18]} 9. Qd2 {[%emt 0:00:56]} Be7 {[%emt 0:03:11]} 10. a4 {[%emt 0:00:38]} a5 {[%emt 0:00:49]} 11. O-O {[%emt 0:03:27]} O-O {[%emt 0:02:24]} 12. Ne2 {[%emt 0:02:03]} f6 {[%emt 0:01:18]} 13. Qc3 {[%emt 0:04:33]} b6 {[%emt 0:01:10]} 14. Nd2 {[%emt 0:00:21]} Be6 {[%emt 0:01:25]} 15. f4 {[%emt 0:13:05]} exf4 {[%emt 0:01:41]} 16. Nxf4 {[%emt 0:00:07]} Nxf4 {[%emt 0:04:18]} 17. Bxf4 {[%emt 0:01:54]} Bd6 {[%emt 0:01:22]} 18. Bxd6 {[%emt 0:02:32]} Qxd6 {[%emt 0:00:09]} 19. Nf3 {[%emt 0:00:07]} Qg3 {[%emt 0:08:34]} 20. Kh1 {[%emt 0:22:00]} Rad8 {[%emt 0:10:36]} 21. Rad1 {[%emt 0:04:01]} Rd7 {[%emt 0:22:47]} 22. b3 Rfd8 23. Ng1 Qd6 {[%emt 0:08:53]} 24. Ne2 {[%emt 0:18:08]} Qe5 {[%emt 0:01:38]} 25. Qxe5 {[%emt 0:00:30]} fxe5 {[%emt 0:00:02]} 26. Ng1 {[%emt 0:00:31]} Re7 {[%emt 0:00:58]} 27. Nf3 {[%emt 0:01:17]} Bf7 {[%emt 0:00:16]} 28. Rf2 {[%emt 0:00:44]} b5 {[%emt 0:02:29]} 29. axb5 {[%emt 0:02:50]} cxb5 {[%emt 0:00:02]} 30. Ra1 {[%emt 0:00:31]} Ra8 {[%emt 0:00:39]} 31. Rff1 {[%emt 0:02:25]} c4 {[%emt 0:02:28]} 32. dxc4 {[%emt 0:07:27]} bxc4 {[%emt 0:00:08]} 33. b4 {[%emt 0:00:26]} a4 {[%emt 0:00:32]} 34. c3 {[%emt 0:01:13]} Be8 {[%emt 0:00:19]} 35. Rfd1 {[%emt 0:03:30]} Bc6 {[%emt 0:00:55]} 36. Nd2 {[%emt 0:00:16]} Bb5 {[%emt 0:00:38]} 37. Kg1 {[%emt 0:00:55]} Rd8 {[%emt 0:01:01]} 38. Nf3 {[%emt 0:00:10]} Rxd1+ {[%emt 0:02:43]} 39. Rxd1 {[%emt 0:00:02]} Bc6 {[%emt 0:00:57]} 40. Kf2 {[%emt 0:01:03]} h6 {[%emt 0:01:50]} 41. Rd8+ {[%emt 0:02:56]} Kf7 {[%emt 0:01:21]} 42. Ke3 {[%emt 0:01:28]} Ke6 {[%emt 0:02:17]} 43. Nd2 {[%emt 0:02:16]} a3 {[%emt 0:02:32]} 44. Nxc4 {[%emt 0:00:32]} a2 {[%emt 0:00:08]} 45. Rd1 {[%emt 0:00:05]} Bb5 {[%emt 0:01:59]} 46. Nd2 {[%emt 0:00:29]} Rd7 {[%emt 0:00:50]} 47. c4 {[%emt 0:00:05]} Bxc4 {[%emt 0:00:27]} 48. Ra1 {[%emt 0:01:07]} Rd3+ {[%emt 0:02:37]} 1/2-1/2

[Event "HUN-chT Youth 2019"]
[Site "Budapest"]
[Date "2019.10.27"]
[Round "3.35"]
[White "Koltai, Anna"]
[Black "Giang, Tran Nam"]
[Result "0-1"]
[WhiteElo "1545"]
[BlackElo "2028"]
[Annotator "NA"]
[PlyCount "104"]
[EventDate "2019.10.26"]
[EventType "team-tourn"]
[EventCountry "HUN"]
[SourceTitle "playchess.com"]
[Source "ChessBase"]
[SourceQuality "1"]
[TimeControl "5400+30"]

1. d4 {[%emt 0:00:00]} d5 {[%emt 0:00:00]} 2. Nf3 {[%emt 0:00:00]} Nf6 {[%emt 0:00:00]} 3. Bf4 {[%emt 0:00:04]} c5 {[%emt 0:00:00]} 4. c3 {[%emt 0:00:52]} Qb6 {[%emt 0:00:38]} 5. b3 {[%emt 0:02:29]} Nc6 {[%emt 0:00:52]} 6. e3 {[%emt 0:00:53]} Bf5 {[%emt 0:01:12]} 7. Bd3 {[%emt 0:03:50]} Bxd3 {[%emt 0:00:56]} 8. Qxd3 {[%emt 0:00:14]} e6 {[%emt 0:00:26]} 9. Nbd2 {[%emt 0:01:16]} Be7 {[%emt 0:01:20]} 10. O-O {[%emt 0:00:32]} O-O {[%emt 0:00:41]} 11. h3 {[%emt 0:02:58]} Rfd8 {[%emt 0:02:23]} 12. Rfe1 {[%emt 0:03:31]} Rac8 13. Ne5 cxd4 {[%emt 0:05:19]} 14. exd4 {[%emt 0:04:19]} Nxe5 {[%emt 0:02:33]} 15. Bxe5 {[%emt 0:01:32]} Qa5 {[%emt 0:01:35]} 16. Rec1 {[%emt 0:03:20]} Rc6 {[%emt 0:05:51]} 17. Nf3 {[%emt 0:02:16]} Rdc8 {[%emt 0:00:51]} 18. c4 {[%emt 0:03:08]} Qa6 {[%emt 0:02:17]} 19. Nd2 {[%emt 0:07:19]} Nd7 {[%emt 0:00:46]} 20. Bf4 {[%emt 0:02:53]} Nb6 {[%emt 0:01:58]} 21. Qg3 {[%emt 0:04:35]} dxc4 {[%emt 0:02:17]} 22. bxc4 Nxc4 {[%emt 0:02:24]} 23. Nb3 {[%emt 0:07:27]} Nb6 {[%emt 0:00:00]} 24. Nc5 {[%emt 0:04:57]} Bxc5 {[%emt 0:07:15]} 25. dxc5 {[%emt 0:01:00]} Rxc5 {[%emt 0:02:05]} 26. Rd1 {[%emt 0:02:29]} Nd5 {[%emt 0:00:49]} 27. Bh6 {[%emt 0:01:52]} g6 {[%emt 0:00:58]} 28. Rdc1 {[%emt 0:04:00]} Rxc1+ {[%emt 0:00:51]} 29. Rxc1 {[%emt 0:01:23]} Rxc1+ {[%emt 0:00:34]} 30. Bxc1 {[%emt 0:00:09]} Qc6 {[%emt 0:04:12]} 31. Qb8+ {[%emt 0:01:28]} Kg7 {[%emt 0:00:16]} 32. Ba3 {[%emt 0:03:13]} Qc3 {[%emt 0:07:40]} 33. Bf8+ {[%emt 0:04:29]} Kf6 {[%emt 0:01:00]} 34. Qd8+ {[%emt 0:01:09]} Kf5 {[%emt 0:00:01]} 35. Qh4 {[%emt 0:00:30]} Qc1+ {[%emt 0:00:30]} 36. Kh2 {[%emt 0:00:30]} Qf4+ {[%emt 0:00:30]} 37. Qxf4+ {[%emt 0:00:30]} Kxf4 {[%emt 0:00:30]} 38. Bd6+ {[%emt 0:00:30]} Ke4 {[%emt 0:00:30]} 39. f3+ {[%emt 0:04:57]} Kd3 {[%emt 0:00:30]} 40. Bc5 {[%emt 0:00:30]} b6 {[%emt 0:00:30]} 41. Bd6 {[%emt 0:00:30]} Kc2 42. Kg1 {[%emt 0:00:30]} Kb2 {[%emt 0:01:00]} 43. a3 {[%emt 0:00:19]} Nc3 {[%emt 0:00:18]} 44. Be5 {[%emt 0:00:44]} Kb3 {[%emt 0:00:12]} 45. Kf2 {[%emt 0:00:34]} Nb5 {[%emt 0:00:10]} 46. a4 {[%emt 0:00:34]} Kxa4 {[%emt 0:00:08]} 47. Ke2 {[%emt 0:00:10]} Kb3 {[%emt 0:00:13]} 48. Kd2 {[%emt 0:00:10]} a5 {[%emt 0:00:13]} 49. Kc1 {[%emt 0:00:20]} a4 {[%emt 0:00:08]} 50. Kb1 {[%emt 0:00:37]} a3 {[%emt 0:00:11]} 51. g3 {[%emt 0:01:08]} a2+ {[%emt 0:00:06]} 52. Ka1 {[%emt 0:00:11]} Na3 {[%emt 0:00:06]} 0-1

[Event "HUN-chT Youth 2019"]
[Site "Budapest"]
[Date "2019.10.28"]
[Round "4.1"]
[White "Losonczi, Marcell"]
[Black "Papp, Bence"]
[Result "1-0"]
[WhiteElo "2249"]
[BlackElo "2184"]
[Annotator "TA"]
[PlyCount "63"]
[EventDate "2019.10.26"]
[EventType "team-tourn"]
[EventCountry "HUN"]
[SourceTitle "playchess.com"]
[Source "ChessBase"]
[SourceQuality "1"]

{[%evp 19,63,0,29,15,14,17,39,14,23,37,36,-22,-12,-59,-28,-20,-1,-52,-36,-46,27,39,31,33,18,-37,45,62,158,153,466,465,445,198,204,159,376,377,364,365,627,602,29985,29986,4907,3266]} 1. e4 c5 2. Nf3 d6 3. d4 cxd4 4. Nxd4 Nf6 5. Nc3 a6 6. f3 e5 7. Nb3 Be6 8. Be3 Be7 9. Qd2 O-O 10. O-O-O b5 11. Nd5 {B90: Sicilian Najdorf: Unusual White 6th moves, 6 Be3 Ng4 and 6 Be3 e5} (11. g4 Nbd7 12. g5 b4 13. gxf6 bxc3 14. Qxc3 Nxf6 15. Na5 Rc8 16. Nc6 Qd7 17. Nxe7+ Qxe7 18. Qa5 Rc6 19. Rg1 Rfc8 20. Kb1 Nh5 {1-0 (39) Ponomariov,R (2699)-Navara,D (2737) Biel 2017}) 11... Bxd5 12. exd5 Nbd7 13. Na5 {White is slightly better.} Qc7 14. Nc6 Bd8 {[#]} 15. Nxd8 $146 (15. g4 $14) ({Predecessor:} 15. Kb1 Nb6 16. c4 Nxc4 17. Bxc4 bxc4 18. Rc1 Qb7 {½-½ (39) Van den Doel,E (2528)-Neverov,V (2549) Hoogeveen 1999}) 15... Rfxd8 16. Qf2 Rdc8 17. g4 Qb7 18. Bg2 (18. Bd3 $1 $11) 18... b4 $15 19. g5 $1 {[%cal Rg5f6]} b3 ({Black should play} 19... Nh5 $15) 20. axb3 $11 Nh5 21. Bh3 a5 {Threatening ...a4.} 22. Rd3 (22. Kb1 $11) 22... Nc5 ({Black should try} 22... a4 $15 23. Kb1 Rcb8) 23. Rc3 $14 Rc7 ({Better is} 23... Rd8 $14) 24. Bxc5 $16 dxc5 $2 (24... a4 $16 {is tougher.}) 25. d6 $18 Rc6 26. Rd1 (26. Bf5 $142) 26... Nf4 27. Bf5 $40 {[%mdl 128] [#] aiming for Be4. White wants a kill.} Qa6 $2 (27... Rd8 $16 28. d7 Qc7) 28. d7 Rd8 29. Rxc5 {[%cal Bc3c5,Bc5e5,Be5e8][%mdl 32]} a4 $2 (29... Ne6) 30. Rxe5 {Re8+ would kill now.} g6 31. Re8+ {[%mdl 64] [#] Double Attack} Kg7 32. Qd4+ {Accuracy: White = 46%, Black = 28%.} 1-0